[Event "World Rapid 2019"]
[Site "Moscow RUS"]
[Date "2019.12.28"]
[Round "13.78"]
[White "Triapishko, Alexandr"]
[Black "Kazhgaleyev, Murtas"]
[Result "1-0"]
[WhiteTitle "IM"]
[BlackTitle "GM"]
[WhiteElo "2502"]
[BlackElo "2569"]
[WhiteFideId "14122286"]
[BlackFideId "13700316"]
[EventDate "2019.12.26"]

1. Nf3 Nf6 2. g3 b5 3. Bg2 Bb7 4. O-O e6 5. d3 d5 6. c4 bxc4 7. dxc4 Nbd7 8.
cxd5 exd5 9. Nc3 Bb4 10. Qb3 c5 11. Nh4 Nb6 12. a3 Bxc3 13. Qxc3 Rc8 14. Qe5+
Qe7 15. Qxe7+ Kxe7 16. Nf5+ Kf8 17. Bf4 Ne8 18. Rac1 Ba6 19. Nd6 Rc6 20. Nxe8
Kxe8 21. Rfd1 Ke7 22. b4 Bc4 23. e4 Rd8 24. bxc5 Rxc5 25. exd5 Ra5 26. Bc7 Rc8
27. Bh3 f5 28. d6+ Ke6 29. Re1+ Kd5 30. Bxf5 Rf8 31. Be6+ 1-0

[Event "World Rapid 2019"]
[Site "Moscow RUS"]
[Date "2019.12.28"]
[Round "13.79"]
[White "Kazakouski, Valery"]
[Black "Kryakvin, Dmitry"]
[Result "0-1"]
[WhiteTitle "IM"]
[BlackTitle "GM"]
[WhiteElo "2485"]
[BlackElo "2596"]
[WhiteFideId "13507443"]
[BlackFideId "4153278"]
[EventDate "2019.12.26"]

1. d4 d5 2. c4 c6 3. Nf3 Nf6 4. Qc2 dxc4 5. Qxc4 Bg4 6. Nc3 Nbd7 7. e4 Bxf3 8.
gxf3 e5 9. Be3 Bd6 10. O-O-O Qe7 11. Bg2 exd4 12. Qxd4 Bc5 13. Qd2 O-O-O 14. Qe2
Bxe3+ 15. fxe3 Nc5 16. Rd4 Ne6 17. Rxd8+ Rxd8 18. f4 Kb8 19. e5 Nd5 20. Nxd5
cxd5 21. Rd1 Qc5+ 22. Kb1 g6 23. Rd3 a6 24. Qd1 Nc7 25. Qb3 Ka7 26. a3 Qb6 27.
Qd1 Nb5 28. Ka2 d4 29. Qb3 dxe3 30. Rxd8 e2 31. Rd7 e1=Q 32. Rxb7+ Qxb7 33. Bxb7
Kxb7 34. Qxf7+ Nc7 35. Qb3+ Ka7 36. Qc4 Qa5 37. Ka1 Kb7 38. Qf7 Qb5 39. h4 Qc6
40. Qb3+ Qb6 41. Qf7 h5 42. f5 gxf5 43. Qxf5 Qg1+ 44. Ka2 Qg4 45. Qxg4 hxg4 46.
h5 Ne6 47. h6 Ng5 48. e6 Kc6 0-1

[Event "World Rapid 2019"]
[Site "Moscow RUS"]
[Date "2019.12.28"]
[Round "13.80"]
[White "Yilmaz, Mustafa"]
[Black "Sek, Konstantin"]
[Result "1-0"]
[WhiteTitle "GM"]
[WhiteElo "2604"]
[BlackElo "2446"]
[WhiteFideId "6302718"]
[BlackFideId "24104302"]
[EventDate "2019.12.26"]

1. d4 Nf6 2. c4 e6 3. Nf3 c5 4. d5 exd5 5. cxd5 d6 6. Nc3 g6 7. Bf4 Bg7 8. Qa4+
Bd7 9. Qb3 Qc7 10. e4 O-O 11. Nd2 Nh5 12. Be3 f5 13. exf5 Bxf5 14. Be2 Nf6 15.
Nc4 Ne4 16. O-O Nxc3 17. bxc3 Nd7 18. Bf4 Rf6 19. Bg3 Re8 20. Rfe1 Nb6 21. Ne3
Ref8 22. a4 R6f7 23. a5 Nc8 24. Bf1 Bh6 25. Nxf5 Rxf5 26. Be2 Bf4 27. Bg4 R5f6
28. Ra2 Bxg3 29. hxg3 Ne7 30. Rae2 Nf5 31. Bxf5 Rxf5 32. Re7 Qxa5 33. f3 R5f7
34. R1e6 Qa1+ 35. Re1 Qa6 36. c4 Rxe7 37. Rxe7 Qa1+ 38. Kh2 Rf5 39. g4 Rf7 40.
Rxf7 Kxf7 41. Qxb7+ Kf6 42. Qxh7 Qe5+ 43. Kh3 Qf4 44. Qd7 Qe5 45. Qxa7 Kg5 46.
Qf7 1-0

[Event "World Rapid 2019"]
[Site "Moscow RUS"]
[Date "2019.12.28"]
[Round "13.81"]
[White "Pigusov, Evgeny"]
[Black "Mesropov, Konstantin"]
[Result "0-1"]
[WhiteTitle "GM"]
[BlackTitle "IM"]
[WhiteElo "2555"]
[BlackElo "2422"]
[WhiteFideId "4100514"]
[BlackFideId "4116887"]
[EventDate "2019.12.26"]

1. Nf3 e6 2. c4 Nf6 3. g3 b6 4. Bg2 Bb7 5. O-O Be7 6. b3 O-O 7. Bb2 d5 8. e3 c5
9. Nc3 Nbd7 10. Qe2 Rc8 11. Rfd1 Qc7 12. Rac1 Qb8 13. Ne1 d4 14. exd4 Bxg2 15.
Kxg2 cxd4 16. Ne4 Nxe4 17. Qxe4 Nc5 18. Qe2 e5 19. d3 f5 20. Kg1 Bf6 21. Nc2 a5
22. b4 Na4 23. Ba1 Qd6 24. Rb1 Rfd8 25. bxa5 bxa5 26. Rb5 Rc5 27. Rxc5 Nxc5 28.
Bb2 Na4 29. Ba3 Qc6 30. Re1 Nc3 31. Qd2 h6 32. Bb2 Bg5 33. f4 exf4 34. gxf4 Bh4
35. Re5 Rd6 36. Ne1 Bxe1 0-1

[Event "World Rapid 2019"]
[Site "Moscow RUS"]
[Date "2019.12.28"]
[Round "13.82"]
[White "Vokhidov, Shamsiddin"]
[Black "Mamatov, Melis"]
[Result "1-0"]
[WhiteTitle "IM"]
[WhiteElo "2526"]
[BlackElo "2292"]
[WhiteFideId "14204223"]
[BlackFideId "13800027"]
[EventDate "2019.12.26"]

1. e4 c5 2. Nf3 d6 3. Nc3 Nf6 4. d4 cxd4 5. Nxd4 e5 6. Bb5+ Nbd7 7. Nf5 a6 8.
Bxd7+ Qxd7 9. Bg5 Nxe4 10. Nxg7+ Bxg7 11. Nxe4 O-O 12. Nxd6 Qc6 13. O-O f6 14.
Nxc8 Raxc8 15. Be3 Qxc2 16. Qd5+ Rf7 17. Rac1 Qf5 18. Rxc8+ Qxc8 19. Rd1 f5 20.
Bb6 Qc6 21. Qb3 Qb5 22. Rd8+ Bf8 23. Qg3+ Rg7 24. Qa3 Rf7 25. Bc5 Qc6 26. Qg3+
Qg6 27. Qxe5 f4 28. h4 f3 29. g3 h6 30. Bd4 Qh7 31. Qe6 Qb1+ 32. Kh2 Qf5 33.
Qxh6 Rh7 34. Rxf8+ Qxf8 35. Qg6+ 1-0

[Event "World Rapid 2019"]
[Site "Moscow RUS"]
[Date "2019.12.28"]
[Round "13.83"]
[White "Santos Ruiz, Miguel"]
[Black "Rozum, Ivan"]
[Result "1/2-1/2"]
[WhiteTitle "GM"]
[BlackTitle "GM"]
[WhiteElo "2585"]
[BlackElo "2573"]
[WhiteFideId "22291482"]
[BlackFideId "24104272"]
[EventDate "2019.12.26"]

1. e4 c6 2. d4 d5 3. exd5 cxd5 4. Bd3 Nf6 5. c3 Bg4 6. Qb3 Qc7 7. h3 Bd7 8. Ne2
Nc6 9. Bf4 e5 10. dxe5 Nxe5 11. Bb5 O-O-O 12. Bxd7+ Rxd7 13. O-O Bd6 14. Nd2 Nc6
15. Be3 h5 16. Nf3 Ng4 17. Bd4 Re8 18. Rfe1 Rde7 19. Kf1 Nge5 20. Nxe5 Bxe5 21.
Be3 Rd7 22. Rad1 Red8 23. Qa4 a6 24. Kg1 g6 25. Nd4 Bxd4 26. Bxd4 Qf4 27. Qb3
Re7 28. Rxe7 Nxe7 29. Bc5 Qe5 30. Bb6 Rd6 31. Bd4 Qe6 32. Bc5 Rd7 33. Bxe7 Qxe7
34. Qc2 Qe5 35. Qd2 Re7 36. g3 Kc7 37. Qxd5 Qxd5 38. Rxd5 Re2 39. b4 Rxa2 40.
Kg2 b6 41. g4 hxg4 42. hxg4 Re2 43. Kg3 Kc6 44. Rd8 Kb5 45. Rd7 f5 46. gxf5 gxf5
47. Rd5+ Kc4 48. Rxf5 Kxc3 49. Rf6 a5 50. bxa5 bxa5 51. Ra6 Kb4 52. f4 a4 53.
Kg4 a3 54. f5 a2 55. f6 Kb3 56. Kg5 Rg2+ 57. Kh6 Rf2 58. Kg7 Kb2 59. Rxa2+ Kxa2
60. f7 Rxf7+ 61. Kxf7 1/2-1/2

[Event "World Rapid 2019"]
[Site "Moscow RUS"]
[Date "2019.12.28"]
[Round "13.84"]
[White "Moiseenko, Vadim"]
[Black "Batchuluun, Tsegmed"]
[Result "1/2-1/2"]
[WhiteTitle "GM"]
[BlackTitle "GM"]
[WhiteElo "2526"]
[BlackElo "2530"]
[WhiteFideId "4123700"]
[BlackFideId "4900847"]
[EventDate "2019.12.26"]

1. e4 e5 2. Bc4 Nf6 3. d3 c6 4. Nf3 d5 5. Bb3 Bb4+ 6. Bd2 Bxd2+ 7. Nbxd2 Qd6 8.
O-O O-O 9. d4 Nbd7 10. exd5 cxd5 11. dxe5 Nxe5 12. Re1 Nxf3+ 13. Qxf3 Bg4 14.
Qd3 Rfe8 15. Nf1 Rad8 16. Qd4 b6 17. Rxe8+ Rxe8 18. f3 Be6 19. Rd1 Qc5 20. Ne3
Qxd4 21. Rxd4 Kf8 22. Kf2 Rc8 23. Ke2 Ke7 24. Kd2 Rd8 25. g4 g5 26. h4 h6 27. h5
Kd6 28. c3 Ke5 29. a4 Rc8 30. Bc2 a5 31. Bd3 Ne8 32. b3 Nd6 33. Be2 f5 34. gxf5
Nxf5 35. f4+ gxf4 36. Ng4+ Kd6 37. Rxf4 Ng3 38. Bf3 Nxh5 39. Rd4 Rf8 40. Bxd5
Bxd5 41. c4 Nf4 42. cxd5 Kc5 43. Rc4+ Kxd5 44. Nxh6 Ne6 45. Ng4 Nc5 46. Ne3+ Kd6
47. b4 Rf2+ 48. Kd1 Nxa4 49. Rd4+ Ke5 50. Rh4 Nc3+ 51. Kc1 Ke6 52. Rh6+ Kd7 53.
Rxb6 axb4 54. Nc2 Kc7 55. Rxb4 Na2+ 56. Kd1 Nxb4 57. Nxb4 Kd6 58. Nd3 Rh2 59.
Ne1 Kd5 60. Nc2 Ke4 61. Ne1 Ke3 62. Nc2+ Kd3 63. Ne1+ Kc3 64. Nf3 Rf2 65. Ne1
Rd2+ 66. Kc1 Rd8 67. Nc2 Ra8 68. Kd1 Rd8+ 69. Kc1 Rd7 70. Ne3 Kd3 71. Nd1 Rc7+
72. Kb1 Kd2 73. Nb2 Rb7 74. Ka2 Kc2 75. Na4 Rb3 76. Nc5 Rb4 77. Ka3 Rb5 78. Na4
Rb3+ 79. Ka2 Rh3 80. Nc5 Rg3 81. Na4 Rh3 82. Nc5 Kc3 83. Na4+ Kb4 84. Nb2 Rh2
85. Kb1 Kc3 86. Nd1+ Kd2 87. Nb2 Kc3 88. Nd1+ Kb3 89. Kc1 Rc2+ 90. Kb1 Rc8 91.
Ne3 1/2-1/2

[Event "World Rapid 2019"]
[Site "Moscow RUS"]
[Date "2019.12.28"]
[Round "13.85"]
[White "Castellanos Rodriguez, Renier"]
[Black "Gutenev, Alexander"]
[Result "1/2-1/2"]
[WhiteTitle "IM"]
[BlackTitle "IM"]
[WhiteElo "2474"]
[BlackElo "2469"]
[WhiteFideId "3404650"]
[BlackFideId "4195540"]
[EventDate "2019.12.26"]

1. c4 Nf6 2. Nc3 d5 3. cxd5 Nxd5 4. Nf3 g6 5. h4 h5 6. e4 Nxc3 7. dxc3 Qxd1+ 8.
Kxd1 f6 9. Nd4 e5 10. Nb5 Rh7 11. a4 Bc5 12. f3 a6 13. Na3 Be6 14. Kc2 a5 15.
Bc4 Ke7 16. Bxe6 Kxe6 17. Nc4 Nd7 18. b3 Nb6 19. Nb2 Nd7 20. Nd3 Bb6 21. Ba3 Rg8
22. Rad1 g5 23. hxg5 fxg5 24. Bc1 Nf6 25. Nb2 g4 26. Nc4 gxf3 27. gxf3 Nd7 28.
Rh3 Rg2+ 29. Rd2 Rxd2+ 30. Bxd2 Kf6 31. Be1 Ke6 32. b4 axb4 33. cxb4 Bd4 34. a5
c6 35. Kd3 Ba7 36. Rg3 Bb8 37. Rg6+ Kf7 38. Rg3 Bc7 39. Ne3 Nf8 40. Nf5 Ng6 41.
Kc4 Nf4 42. Rg1 Bd8 43. Bc3 Bf6 44. Bd2 h4 45. Rh1 h3 46. Rh2 Ne6 47. Bc3 Ng5
48. Kd3 Nxf3 49. Rh1 h2 50. Ke3 Ng5 51. Be1 Rh3+ 52. Bg3 Be7 53. Rxh2 Rxh2 54.
Bxh2 Bxb4 55. Bxe5 Bxa5 56. Nd6+ Ke6 57. Nxb7 Bd2+ 58. Kxd2 Nxe4+ 59. Ke3 Kxe5
60. Na5 c5 61. Nc4+ Kd5 62. Nb6+ Kc6 63. Na4 Nd6 64. Nxc5 Kxc5 1/2-1/2

[Event "World Rapid 2019"]
[Site "Moscow RUS"]
[Date "2019.12.28"]
[Round "13.86"]
[White "Vastrukhin, Oleg"]
[Black "Novikov, Stanislav"]
[Result "0-1"]
[WhiteTitle "IM"]
[BlackTitle "GM"]
[WhiteElo "2428"]
[BlackElo "2531"]
[WhiteFideId "4192770"]
[BlackFideId "4125371"]
[EventDate "2019.12.26"]

1. e4 c5 2. Nc3 e6 3. Nge2 a6 4. g3 Qc7 5. Bg2 Nf6 6. O-O Be7 7. d3 Nc6 8. h3 d6
9. g4 b5 10. Ng3 Bb7 11. f4 Nd7 12. a4 b4 13. Nce2 h6 14. Be3 g6 15. c3 h5 16.
Rc1 hxg4 17. hxg4 bxc3 18. bxc3 Nf6 19. Bf3 Rh4 20. g5 Ng4 21. Bxg4 Rxg4 22. Kg2
Rh4 23. Ng1 Rh8 24. Nf3 Na5 25. c4 Nc6 26. Rb1 Nb4 27. d4 a5 28. d5 O-O-O 29.
Rh1 Ba6 30. Nd2 Qd7 31. Qg4 exd5 32. Qxd7+ Kxd7 33. exd5 Rxh1 34. Rxh1 Nc2 35.
Kf3 Na3 36. Rh7 Rf8 37. Nge4 Nxc4 38. Nf6+ Bxf6 39. gxf6 Bb7 40. Nxc4 Bxd5+ 41.
Kg4 Bxc4 42. Bd2 Ke6 43. Kg5 Rb8 44. Bxa5 Ra8 45. Bb6 Rxa4 46. Rh8 Kd7 47. Kh6
Be6 48. Kg7 Rxf4 49. Rd8+ Kc6 50. Ba7 Rf5 51. Bb8 d5 52. Rd6+ Kb5 53. Rxe6 fxe6
54. f7 d4 55. Be5 Rxf7+ 56. Kxf7 d3 57. Bf4 e5 58. Bd2 e4 59. Kxg6 c4 60. Kf5 e3
61. Bxe3 c3 0-1

[Event "World Rapid 2019"]
[Site "Moscow RUS"]
[Date "2019.12.28"]
[Round "13.87"]
[White "Pogosyan, Stefan"]
[Black "Atabayev, Maksat"]
[Result "1-0"]
[WhiteTitle "IM"]
[BlackTitle "GM"]
[WhiteElo "2459"]
[BlackElo "2475"]
[WhiteFideId "34159867"]
[BlackFideId "14001101"]
[EventDate "2019.12.26"]

1. d4 Nf6 2. Nf3 e6 3. c4 b6 4. g3 Ba6 5. Qb3 c6 6. Bg2 Be7 7. O-O O-O 8. Nc3 d5
9. cxd5 cxd5 10. Ne5 Bb7 11. Bf4 Nc6 12. Rfd1 Nd7 13. Nxc6 Bxc6 14. Rac1 Nf6 15.
Rc2 Qd7 16. Rdc1 Rfc8 17. Bf3 h6 18. Be5 Nh7 19. h4 Nf8 20. Bh5 Qb7 21. Nb5 Nd7
22. Nd6 Bxd6 23. Bxd6 Nf6 24. Bf3 Qd7 25. Be5 Ne8 26. Qa3 a6 27. h5 a5 28. Kg2
f6 29. Bf4 Kf7 30. Qd3 Ke7 31. Qh7 Kd8 32. Qg8 Ke7 33. Qh7 Kd8 34. Bg4 Bb5 35.
Qg8 Rxc2 36. Rxc2 Ke7 37. Rc3 Rc8 38. Bxe6 Qxe6 39. Qxe6+ Kxe6 40. Rxc8 1-0

[Event "World Rapid 2019"]
[Site "Moscow RUS"]
[Date "2019.12.28"]
[Round "13.88"]
[White "Krsnik Cohar, Ivan Vihor"]
[Black "Shcherbakov, Ruslan"]
[Result "1-0"]
[WhiteTitle "FM"]
[BlackTitle "GM"]
[WhiteElo "2313"]
[BlackElo "2527"]
[WhiteFideId "14520044"]
[BlackFideId "4102240"]
[EventDate "2019.12.26"]

1. d4 Nf6 2. Bg5 Ne4 3. Bf4 c5 4. d5 Qb6 5. Qc1 c4 6. e3 e6 7. f3 Nf6 8. Bxc4
exd5 9. Bd3 Bc5 10. Nc3 Nc6 11. Nb5 O-O 12. Bc7 Qa6 13. Nc3 b5 14. Nxb5 Nb4 15.
Be2 Qe6 16. Bf4 Qf5 17. g4 Nxc2+ 18. Kd1 Nxg4 19. fxg4 Qe4 20. Qxc2 Qxh1 21. Kd2
Bb4+ 22. Nc3 Qg2 23. Qa4 a5 24. a3 Bb7 25. Nf3 Ba6 26. axb4 Bxe2 27. Ne1 Qxg4
28. Nxe2 g5 29. Bg3 Rae8 30. bxa5 Re4 31. Qb3 d4 32. Nxd4 Rfe8 33. Nec2 h5 34.
Rf1 R8e7 35. Nf5 R7e6 36. Nh6+ Rxh6 37. Qxf7+ Kh8 38. Qf8+ 1-0

[Event "World Rapid 2019"]
[Site "Moscow RUS"]
[Date "2019.12.28"]
[Round "13.90"]
[White "Yagupov, Igor"]
[Black "Glek, Igor"]
[Result "1-0"]
[WhiteTitle "GM"]
[BlackTitle "GM"]
[WhiteElo "2357"]
[BlackElo "2467"]
[WhiteFideId "4113632"]
[BlackFideId "4100484"]
[EventDate "2019.12.26"]

1. e4 c5 2. Nf3 Nc6 3. d4 cxd4 4. Nxd4 e5 5. Nb5 a6 6. Nd6+ Bxd6 7. Qxd6 Qe7 8.
Qd1 Nf6 9. Nc3 d6 10. Be3 Be6 11. Nd5 Bxd5 12. exd5 Nb8 13. Be2 Nbd7 14. c4 a5
15. O-O O-O 16. b3 Ne8 17. Qd2 f5 18. f4 h6 19. Rae1 g5 20. g3 gxf4 21. gxf4 e4
22. Kh1 Kh7 23. Rg1 Nef6 24. Rg3 b6 25. Reg1 Rg8 26. Bd4 Rxg3 27. Rxg3 Rg8 28.
Qe3 Ng4 29. Qg1 h5 30. h3 Qh4 31. Kg2 Ngf6 32. Rxg8 Nxg8 33. Qf2 Qxf2+ 34. Kxf2
Kg6 35. a3 Ngf6 36. b4 axb4 37. axb4 h4 38. Bd1 b5 39. Bb3 bxc4 40. Bxc4 Kf7 41.
Ba7 Ke7 42. Ke2 Kd8 43. Bf2 Kc7 44. Bxh4 Nh5 45. Ke3 Nb6 46. Bb3 Kb7 47. Bg5 Nd7
48. Bd1 Nhf6 49. Kd4 Kb6 50. Be2 Nh7 51. Bd8+ Kb7 52. Bh5 Nhf6 53. Bg6 e3 54.
Kxe3 Nxd5+ 55. Kf3 Nxb4 56. Bxf5 Nc5 57. h4 Nc6 58. Bf6 Nb3 59. h5 d5 60. h6 1-0

[Event "World Rapid 2019"]
[Site "Moscow RUS"]
[Date "2019.12.28"]
[Round "13.91"]
[White "Gundavaa, Bayarsaikhan"]
[Black "Studer, Noel"]
[Result "0-1"]
[WhiteTitle "GM"]
[BlackTitle "GM"]
[WhiteElo "2489"]
[BlackElo "2546"]
[WhiteFideId "4901045"]
[BlackFideId "1319620"]
[EventDate "2019.12.26"]

1. e4 e6 2. d4 d5 3. Nd2 c5 4. exd5 Qxd5 5. dxc5 Qxc5 6. Ngf3 Nf6 7. Bd3 Nbd7 8.
Qe2 Qc7 9. Ne4 Nxe4 10. Qxe4 Nc5 11. Bb5+ Bd7 12. Bxd7+ Qxd7 13. Qg4 Qa4 14.
Qxa4+ Nxa4 15. b3 Nc3 16. Bb2 Rc8 17. Ne5 Be7 18. Nc4 Nd5 19. a4 Bb4+ 20. Ke2
O-O 21. Rhd1 Rc6 22. Rd4 Rfc8 23. Rc1 Be7 24. c3 Bf6 25. Re4 Bg5 26. Rc2 Rd8 27.
g3 f5 28. Rd4 Rc7 29. Ne5 Bf6 30. f4 Nxf4+ 31. Rxf4 Bxe5 32. Rf3 Kf7 33. Bc1 g6
34. c4 Bf6 35. Be3 b6 36. Rf1 Rcd7 37. b4 Bd4 38. Bg5 Bf6 39. Be3 Rc8 40. c5
bxc5 41. bxc5 Rc6 42. Rd2 Rb7 43. Rfd1 Ke8 44. Rd6 Rbc7 45. Rxc6 Rxc6 46. Rb1
Kd7 47. Kd3 Ra6 48. Rb4 Kc6 49. Kc4 Be7 50. Kb3 Ra5 51. Rc4 e5 52. Kb4 Ra6 53.
Rc2 Bd8 54. Rc1 Ba5+ 55. Kb3 Kd5 56. Rd1+ Ke4 57. Bg1 Rc6 58. Kc4 a6 59. Rd6
Rxd6 60. cxd6 Kf3 61. d7 e4 62. Bd4 e3 63. Bc3 Bd8 64. Kd3 g5 65. Bb4 f4 66.
gxf4 gxf4 67. Be1 Kg2 68. Ke2 Bg5 69. h4 f3+ 70. Kd1 Bd8 0-1

[Event "World Rapid 2019"]
[Site "Moscow RUS"]
[Date "2019.12.28"]
[Round "13.92"]
[White "Gasanov, Eldar"]
[Black "Makoveev, Ilya"]
[Result "1-0"]
[WhiteTitle "GM"]
[BlackTitle "FM"]
[WhiteElo "2481"]
[BlackElo "2277"]
[WhiteFideId "14104466"]
[BlackFideId "34155748"]
[EventDate "2019.12.26"]

1. d4 Nf6 2. c4 e6 3. Nf3 b6 4. Bf4 Bb7 5. e3 Bb4+ 6. Nfd2 O-O 7. a3 Bd6 8. Bg5
h6 9. Bh4 c5 10. Nc3 Nc6 11. d5 Ne7 12. Nde4 Be5 13. Bxf6 gxf6 14. f4 Bxc3+ 15.
Nxc3 f5 16. Qh5 Kh7 17. O-O-O Ng6 18. h4 Qf6 19. g4 Ne7 20. gxf5 Nxf5 21. Bd3
Kh8 22. Rdg1 Rg8 23. Ne4 Qe7 24. Ng3 Qf6 25. Bxf5 exf5 26. Nxf5 Kh7 27. e4 Rxg1+
28. Rxg1 Rg8 29. Rxg8 Kxg8 30. e5 Qh8 31. Nxh6+ Kg7 32. Nf5+ Kg8 33. Qg5+ Kh7
34. Qh6+ 1-0

[Event "World Rapid 2019"]
[Site "Moscow RUS"]
[Date "2019.12.28"]
[Round "13.93"]
[White "Reshetnikov, Alexey"]
[Black "Gurvich, Vitaly"]
[Result "1-0"]
[WhiteTitle "IM"]
[BlackTitle "FM"]
[WhiteElo "2492"]
[BlackElo "2230"]
[WhiteFideId "4162080"]
[BlackFideId "24164852"]
[EventDate "2019.12.26"]

1. d4 Nf6 2. c4 g6 3. Nc3 d5 4. cxd5 Nxd5 5. e4 Nxc3 6. bxc3 Bg7 7. Be3 c5 8.
Qd2 Qa5 9. Nf3 O-O 10. Rc1 Nc6 11. d5 Rd8 12. Bd3 Ne5 13. Nxe5 Bxe5 14. f4 Bg7
15. c4 Qxd2+ 16. Kxd2 b6 17. Rhe1 e6 18. Bf2 Bb7 19. Kc2 exd5 20. exd5 b5 21.
Rcd1 Bf6 22. cxb5 Bd4 23. Bxd4 cxd4 24. Bc4 Rac8 25. Kb3 a6 26. bxa6 Bxd5 27.
Rxd4 Bxc4+ 28. Rxc4 Rd3+ 29. Kc2 Rxc4+ 30. Kxd3 Ra4 31. Ra1 Rxa6 32. a4 Kf8 33.
Kc4 Ke7 34. Kb5 Ra8 35. Kc6 Rc8+ 36. Kb7 Rc2 37. a5 Rxg2 38. Rb1 Rxh2 39. a6 Ra2
40. a7 h5 41. Rb6 Rxa7+ 42. Kxa7 f6 43. Rc6 h4 44. Kb6 h3 45. Rc3 Ke6 46. Rxh3
Kf5 47. Rh6 g5 48. fxg5 fxg5 49. Kc5 g4 50. Kd4 Kf4 51. Rf6+ Kg3 52. Ke3 Kh2 53.
Rh6+ Kg3 54. Rg6 Kh3 55. Ke4 1-0

[Event "World Rapid 2019"]
[Site "Moscow RUS"]
[Date "2019.12.28"]
[Round "13.94"]
[White "Luukkonen, Tommi"]
[Black "Lobanov, Sergei"]
[Result "1-0"]
[WhiteTitle "FM"]
[BlackTitle "IM"]
[WhiteElo "2290"]
[BlackElo "2504"]
[WhiteFideId "501808"]
[BlackFideId "24183750"]
[EventDate "2019.12.26"]

1. e4 c6 2. Nc3 d5 3. Nf3 Bg4 4. h3 Bxf3 5. Qxf3 e6 6. d3 Nd7 7. Bd2 g6 8. O-O-O
Bg7 9. g4 Qb6 10. Qg3 Nc5 11. e5 d4 12. Ne4 Nxe4 13. dxe4 Qc5 14. f4 g5 15. h4
gxf4 16. Bxf4 O-O-O 17. Kb1 Ne7 18. h5 Rhg8 19. g5 Kb8 20. Rh2 Bh8 21. Bh3 h6
22. Rhd2 hxg5 23. Bxg5 Bxe5 24. Qh4 Rde8 25. h6 Ng6 26. Qf2 Nh8 27. Bh4 Qd6 28.
c3 c5 29. cxd4 Bxd4 30. Bf6 e5 31. Qf5 Rg6 32. Bg7 Rxh6 33. Bxh6 Qxh6 34. Qd7
Rf8 35. Rd3 Qb6 36. Rb3 Qc7 37. Qd5 Ng6 38. Bf5 Nf4 39. Rxb7+ Qxb7 40. Qd6+ Qc7
41. Qxf8+ Kb7 42. Qe8 Kb6 43. Qa4 Qe7 44. Bd7 Qd6 45. Bb5 Kb7 46. Qb3 Qg6 47. a4
Kc7 48. Ka2 Kd8 49. Rh1 Ke7 50. Bc4 Qxe4 51. Rh8 Ne2 52. Bxe2 Qxe2 53. Rb8 Kf6
54. Qd5 Qa6 55. Ka3 Qe6 56. Qf3+ Kg7 57. Qh5 Qf6 58. Qh8+ Kg6 59. Rg8+ Kf5 60.
Qh3+ Ke4 61. Qg2+ Kd3 62. Rg3+ Kc4 63. b3# 1-0

[Event "World Rapid 2019"]
[Site "Moscow RUS"]
[Date "2019.12.28"]
[Round "13.95"]
[White "Deviatkin, Andrei"]
[Black "Guimaraes, Diogo Duarte"]
[Result "1-0"]
[WhiteTitle "GM"]
[BlackTitle "FM"]
[WhiteElo "2436"]
[BlackElo "2322"]
[WhiteFideId "4121260"]
[BlackFideId "2112450"]
[EventDate "2019.12.26"]

1. e4 e5 2. Nf3 Nc6 3. Bb5 Nf6 4. d3 Bc5 5. Bxc6 bxc6 6. O-O d6 7. Be3 Bb6 8. h3
O-O 9. Nc3 Rb8 10. b3 Re8 11. Re1 Bxe3 12. fxe3 d5 13. exd5 cxd5 14. e4 Bb7 15.
Qd2 dxe4 16. dxe4 Qxd2 17. Nxd2 Rbd8 18. Nf3 Rd6 19. Re3 Bc6 20. Kf2 Nd7 21. Rd3
Ree6 22. Ke3 f6 23. Rad1 Nc5 24. Rxd6 Rxd6 25. Rxd6 cxd6 26. b4 Ne6 27. b5 Bb7
28. a4 Kf7 29. a5 Nc7 30. Nd2 Ke6 31. b6 axb6 32. axb6 Na6 33. g4 Nb4 34. Nb3
Nxc2+ 35. Kd2 Nb4 36. Na5 Kd7 37. Nxb7 Kc6 38. Nd8+ Kxb6 39. Ne6 g6 40. Nf8 h5
41. Nd7+ Kc6 42. Nxf6 hxg4 43. hxg4 Kc5 44. Ncd5 Nc6 45. Kd3 Nd4 46. Nd7+ Kc6
47. Nf8 g5 48. Nh7 Ne6 49. Kc4 Kd7 50. Nhf6+ Kc6 51. Ne7+ Kc7 52. Nf5 Nf8 53.
Kd5 Ng6 54. Ne8+ Kd7 55. Nexd6 Nf4+ 56. Kxe5 Nd3+ 57. Kf6 1-0

[Event "World Rapid 2019"]
[Site "Moscow RUS"]
[Date "2019.12.28"]
[Round "13.97"]
[White "Thing, Bibek"]
[Black "Vavulin, Maxim"]
[Result "0-1"]
[WhiteTitle "CM"]
[BlackTitle "GM"]
[WhiteElo "2222"]
[BlackElo "2556"]
[WhiteFideId "12303135"]
[BlackFideId "4169530"]
[EventDate "2019.12.26"]

1. e4 g6 2. d4 Bg7 3. Nc3 a6 4. a4 d6 5. Be3 b6 6. Bc4 e6 7. f4 Bb7 8. Nf3 Ne7
9. O-O d5 10. exd5 Nxd5 11. Nxd5 Bxd5 12. Bd3 a5 13. Ne5 O-O 14. Qg4 Nd7 15.
Rad1 Bb7 16. c4 Nf6 17. Qe2 Qe7 18. b3 Rfd8 19. Bf2 c5 20. dxc5 bxc5 21. Bc2 Qc7
22. Rxd8+ Rxd8 23. Rd1 Nh5 24. Rxd8+ Qxd8 25. g3 Qd6 26. Be4 Bxe5 27. fxe5 Qxe5
28. Bf3 Qc7 29. Bxh5 Qc6 30. Kf1 Qh1+ 31. Bg1 gxh5 32. Qe3 h6 33. Ke2 Be4 34.
Kd2 Bf5 35. Qxc5 Qg2+ 36. Qf2 Qe4 37. Qe3 Qb1 38. c5 Bc2 39. c6 Qd1+ 40. Kc3
Bxb3 41. Qc5 f6 42. Qf2 Bxa4 43. c7 Qc1+ 44. Kd4 e5+ 45. Ke4 Qc4+ 46. Ke3 Qc3+
47. Ke4 Qc4+ 48. Ke3 Bb5 49. Qa2 Qxa2 50. c8=Q+ Kg7 51. Qb7+ Kg6 52. Qxb5 Qa1
53. Qd3+ Kg7 54. Kf2 a4 55. Kg2 a3 56. Qd7+ Kg6 57. Qe8+ Kg7 58. Bc5 Qa2+ 59.
Kh3 Qc4 60. Bf8+ Kg8 61. Bxa3+ Kh7 62. Qxh5 Qf1+ 63. Kh4 Qc4+ 64. Qg4 Qa2 0-1

[Event "World Rapid 2019"]
[Site "Moscow RUS"]
[Date "2019.12.28"]
[Round "13.98"]
[White "Blohberger, Felix"]
[Black "Al Nhier, Hamoud"]
[Result "1-0"]
[WhiteTitle "IM"]
[BlackTitle "FM"]
[WhiteElo "2434"]
[BlackElo "1934"]
[WhiteFideId "1632051"]
[BlackFideId "21500045"]
[EventDate "2019.12.26"]

1. Nf3 b6 2. e4 Bb7 3. Nc3 c5 4. d4 cxd4 5. Nxd4 Nc6 6. Be2 g6 7. Be3 Bg7 8. Qd2
Nf6 9. O-O-O Rc8 10. f3 Ne5 11. Kb1 Nc4 12. Bxc4 Rxc4 13. Nde2 d5 14. Bh6 Bxh6
15. Qxh6 e6 16. exd5 Bxd5 17. Rhe1 Ke7 18. Nxd5+ Nxd5 19. b3 Rc5 20. c4 Qa8 21.
cxd5 Rxd5 22. Nc3 Rxd1+ 23. Rxd1 Rc8 24. Kb2 Qc6 25. Qd2 1-0

[Event "World Rapid 2019"]
[Site "Moscow RUS"]
[Date "2019.12.28"]
[Round "13.99"]
[White "Usov, Aleksandr E."]
[Black "Masrahi, Abdulrahman A"]
[Result "1-0"]
[BlackTitle "CM"]
[WhiteElo "2012"]
[BlackElo "1956"]
[WhiteFideId "24257109"]
[BlackFideId "21501564"]
[EventDate "2019.12.26"]

1. e4 e5 2. Nf3 Nc6 3. d4 exd4 4. Bc4 Nf6 5. e5 d5 6. Bb5 Ne4 7. Nxd4 Bd7 8.
Bxc6 bxc6 9. O-O Bc5 10. f3 Ng5 11. Be3 Bb6 12. f4 Ne4 13. Nd2 c5 14. N4f3 Nxd2
15. Qxd2 d4 16. Bf2 Bc6 17. f5 Qd5 18. Qg5 h6 19. Qd2 O-O-O 20. Rfe1 g5 21. fxg6
Rhg8 22. Bg3 Rxg6 23. Rac1 c4 24. Kh1 Ba5 25. c3 d3 26. Rcd1 Bb6 27. Qf4 Qe6 28.
Rf1 Rg4 29. Qd2 Rdg8 30. Nd4 Bxd4 31. Rf6 Qd5 32. cxd4 h5 33. Qf2 h4 34. Qf3 Bb7
35. e6 Qxe6 36. Rxe6 Bxf3 37. gxf3 fxe6 38. fxg4 hxg3 39. h3 Kd7 40. Kg2 Kd6 41.
Kxg3 Kd5 42. Rh1 Kxd4 43. Kf2 e5 44. h4 Rxg4 45. h5 Rg7 46. h6 Rh7 47. Rh3 e4
48. Rh4 Rf7+ 49. Ke1 Rh7 50. Kd2 c6 51. a3 a5 52. a4 Kd5 53. Ke3 Ke5 54. Rxe4+
Kd5 55. Rh4 Re7+ 56. Kd2 Rh7 57. Kc3 c5 58. Rh1 Rb7 59. h7 Rb3+ 60. Kd2 Rxb2+
61. Kc1 c3 62. h8=Q d2+ 63. Kd1 Rb1+ 64. Kc2 1-0